000 00754nmm a2200277 a 4500
003 AR-BaBNM
005 20251128211632.0
008 185020s1997 ||||||||||||||000 | spa||
020 _a92-3-103378-6
040 _cAR-BaBNM
100 1 _aReardon, Betty A.
245 1 0 _aTolerance
_bthe threshold of peace. Secondary- school resource unit
_nUnit 3
260 _aParis
_bUnesco
_c1997
300 0 _a114 p.
_btablas
650 4 _aEDUCACION PARA LA PAZ
650 4 _aEDUCACION CIVICA
650 4 _aDEMOCRACIA
650 4 _aRELACION ALUMNO-DOCENTE
650 4 _aADOLESCENTES
650 4 _aTOLERANCIA
650 4 _aEJERCICIOS DE APRENDIZAJE
650 4 _aDERECHOS HUMANOS
653 _aCAPACITACION DOCENTE
942 _cBK
998 _cEugenia
999 _c20529
_d20529